Rozpoznaj Te Marki Samochodów #1 - Statystyki

Ogólne statystyki
  • Ten quiz został rozwiązany 249 razy
  • Średni wynik to 10 z 16
Statystyki odpowiedzi
Obrazkowy Odpowiedź % Poprawnych
Honda
98%
Audi
97%
Ferrari
95%
Alfa Romeo
94%
Lamborghini
89%
Bentley
88%
Subaru
88%
Dacia
87%
Renault
78%
Maserati
70%
Saab
62%
Chrysler
42%
Pontiac
40%
Holden
10%
Ariel
7%
Meyers Manx
2%
Nie znaleziono quizów pasujących do podanych kryteriów
Rozkład punktacji
Procent ludzi z każdym wynikiem
Percentyl według liczby udzielonych odpowiedzi
Twoja historia wyników
Nie rozwiązałeś tego quizu